000 02570cam a22004098i 4500
999 _c3022
_d3022
001 ocn898925048
003 TZ-ArACH
005 20180613142520.0
008 150327s2015 enk 000 0 eng
010 _a 2015001283
020 _a9783838184739
035 _a(OCoLC)898925048
040 _aDLC
_beng
_erda
_cTZ-ArACH
_dBTCTA
_dBDX
041 _aFre
042 _apcc
043 _af------
049 _aTZAA
050 0 0 _aJZ6377
_b.B35
082 0 0 _a341.5/84
_223
100 1 _aBalde, Saidou,
_d1967-
_915370
245 1 4 _aUnion Africaine et le maintien de la paix : le cas du Darfur
_ble cas du Darfur /
_cSaidou Balde
260 _aParis
_bÉditions Universitaires Européenes
_c2012
263 _a1505
300 _bill.
_c22cm
_a108p.
490 0 _aRethinking peace and conflict studies
504 _aBibliography
505 8 _aMachine generated contents note: -- Introduction -- 1. Conceptual Framework and Some Background Issues -- 2. The Rise of African Union Regionalism -- 3. The African Peace and Security Architecture -- 4. The African Mission in Burundi -- 5. The African Union Mission in Somalia -- 6. The African Union/United Nations Hybrid Operation in Darfur -- Conclusions: What Works, What Doesn't, and Why?.
520 _a"This study examines the African Union's (AU) role as a conflict management and peace consolidation actor in Africa. Based on a qualitative research methodology, it analyses AU peace operations in Burundi and Somalia, and hybrid peacekeeping in Darfur, in order to identify the lessons learned and suggest how future outcomes may be improved. Dr Isiaka Badmus discusses the need for African leaders to fully engage and contribute to funding Africa's new security architecture, while continuing to recognise the immediate imperative of international assistance. His study is a significant contribution to the growing body of policy analysis and academic scholarship on peacekeeping in Africa at a time when the AU is developing its capacity for comprehensive and self-sufficient peace support operations"--
610 2 0 _aAfrican Union.
_915371
650 0 _aPeacekeeping forces
_zAfrica.
_915372
650 0 _aPeace-building
_zAfrica.
_915373
650 7 _aPOLITICAL SCIENCE / International Relations / General.
_2bisacsh
_915374
650 7 _aPOLITICAL SCIENCE / Peace.
_2bisacsh
_915375
650 7 _aPOLITICAL SCIENCE / Government / International.
_2bisacsh
_915376
856 4 2 _3Cover image
_uhttp://www.netread.com/jcusers2/bk1388/604/9781137426604/image/lgcover.9781137426604.jpg
942 _2lcc
_cBOOK